书目信息 |
| 题名: |
品牌战略
|
|
| 作者: | 徐莉莉 , 骆小欢 主编 | |
| 分册: | ||
| 出版信息: | 杭州 浙江大学出版社 2007.04 |
|
| 页数: | 217页 | |
| 开本: | 23cm | |
| 丛书名: | 应用型本科院校广告学专业规划教材系列 | |
| 单 册: | ||
| 中图分类: | F273.2 | |
| 科图分类: | ||
| 主题词: | 企业管理--qi ye guan li--质量管理--高等学校--教材 | |
| 电子资源: | ||
| ISBN: | 978-7-308-05250-4 | |
| 000 | 01120nam 2200289 450 | |
| 001 | 012008956164 | |
| 005 | 20080626100041.86 | |
| 010 | @a978-7-308-05250-4@dCNY21.00 | |
| 100 | @a20080626d2007 em y0chiy0120 ea | |
| 101 | 0 | @achi |
| 102 | @aCN@b330000 | |
| 105 | @ay a 000yy | |
| 106 | @ar | |
| 200 | 1 | @a品牌战略@Apin pai zhan lue@d= Brand strategy@f徐莉莉, 骆小欢主编@Fxu li li,luo xiao huan zhu bian@zeng |
| 210 | @a杭州@c浙江大学出版社@d2007.04 | |
| 215 | @a217页@d23cm | |
| 225 | 2 | @a应用型本科院校广告学专业规划教材系列@Aying yong xing ben ke yuan xiao guang gao xue zhuan ye gui hua jiao cai xi lie |
| 320 | @a有书目 (第214-215页) | |
| 330 | @a本书包括品牌战略概论、品牌名称与品牌商标、品牌认知与品牌联想、品牌战略与组织战略管理的整合、品牌战略的组织运用等内容。 | |
| 410 | 0 | @12001 @a应用型本科院校广告学专业规划教材系列 |
| 510 | 1 | @aBrand strategy@zeng |
| 606 | 0 | @a企业管理@Aqi ye guan li@x质量管理@x高等学校@j教材 |
| 690 | @aF273.2@v4 | |
| 701 | 0 | @a徐莉莉@Axu li li@4主编 |
| 701 | 0 | @a骆小欢@Aluo xiao huan@4主编 |
| 801 | 0 | @aCN@bQSSK@c20080626 |
| 905 | @b729761-63@dF273.2@eX753@f3 | |
| 品牌战略= Brand strategy/徐莉莉, 骆小欢主编.-杭州:浙江大学出版社,2007.04 |
| 217页;23cm.-(应用型本科院校广告学专业规划教材系列) |
| ISBN 978-7-308-05250-4:CNY21.00 |
| 本书包括品牌战略概论、品牌名称与品牌商标、品牌认知与品牌联想、品牌战略与组织战略管理的整合、品牌战略的组织运用等内容。 |
| ● |
| 相关链接 |
|
|
|
正题名:品牌战略
索取号:F273.2/X753
 
预约/预借
| 序号 | 登录号 | 条形码 | 馆藏地/架位号 | 状态 | 备注 |
| 1 | 729761 | 207297619 | 社科库409/409社科库 92排3列4层/ [索取号:F273.2/X753] | 在馆 | |
| 2 | 729762 | 207297628 | 社科库409/409社科库 92排3列4层/ [索取号:F273.2/X753] | 在馆 | |
| 3 | 729763 | 207297637 | 社科库409/409社科库 92排3列4层/ [索取号:F273.2/X753] | 在馆 |